000 00829nam a22002417a 4500
999 _c5611
_d5611
003 AR-CdUCM
008 190312b ||||| |||| 00| 0 spa d
040 _aMUNICIPALIDAD PROVINCIAL DEL CUSCO
_cBIBLIOTECA MUNICIPAL DEL CUSCO
041 _hdeu
082 _a129.311 /
_bR54
100 _aRickert, Heinricht
_916791
245 _aCiencia Cultural y Ciencia Natural /
260 _aArgentina :
_bEspasa-Calpe ;
_c1942.
300 _a233 páginas ;
_c18cm
440 _aColección Austral
_9172
505 _aContenido: El problema -- La situación histórica -- La oposición capital -- Naturaleza y Cultura -- Historia y psicología...
650 _aCultura
_9126
650 _aNaturaleza
_94241
650 _aHistoria
_9136
700 _aMorente, Manuel G. (traducción)
_916792
942 _2ddc
_cLIBROS
945 _anom